LEADER 01332nam2-22003251i-450- 001 990000346690403321 005 20001010 035 $a000034669 035 $aFED01000034669 035 $a(Aleph)000034669FED01 035 $a000034669 100 $a20001010d--------km-y0itay50------ba 101 0 $aita 105 $ay-------001yy 200 1 $a<>erste Integralrechnung Eine Auswahl aus Johann Bernoullis Mathematischen Vorlesungen uber die Methode der Integraleund anderes aufgeschrieben zum Gebrauch des Herrn Marquis de l'Hospital$fAus dem Lateinischen ubersetzt und herausgegeben von Gerhard Kowalewski. 210 $aLeipzig$cVerlag von Engelmann$d1914 215 $a187 p., 19 cm 225 1 $aOstwalds Klassiker der exakten Wissenschaften$vNr. 194 461 0$1001000034542$12001$aUeber Physikalische Kraftlinien 676 $a030 700 1$aBernoulli,$bJohann$f<1667-1748>$019628 702 1$aKowalewski,$bGerhard 801 0$aIT$bUNINA$gRICA$2UNIMARC 901 $aBK 912 $a990000346690403321 952 $a04 210-1/194$bCI$fDINCH 959 $aDINCH 996 $aErste Integralrechnung Eine Auswahl aus Johann Bernoullis Mathematischen Vorlesungen uber die Methode der Integraleund anderes aufgeschrieben zum Gebrauch des Herrn Marquis de l'Hospital$9125320 997 $aUNINA DB $aING01 LEADER 01347nam0 22003373i 450 001 VEA0020334 005 20231121125918.0 010 $a8871042115 020 $aIT$b92-3751 100 $a20151016d1990 ||||0itac50 ba 101 | $aita 102 $ait 181 1$6z01$ai $bxxxe 182 1$6z01$an 200 1 $a˜Gli œStati Uniti e la Provincia italiana, 1943-1945$epolitica ed economia secondo gli analisti del servizio segreto americano$fLuigi Rossi 210 $aNapoli$cEdizioni scientifiche italiane$dc1990 215 $a204 p.$d21 cm 225 | $aBiblioteca storica$v9 410 0$1001CFI0057064$12001 $aBiblioteca storica$v9 606 $aItalia e Stati Uniti d'America$x1943-1945$2FIR$3RMLC406431$9I 606 $aItalia$xPolitica ed Economia$xGiudizi americani$x1943-1945$2FIR$3RMLC406432$9I 676 $a940.54$9$v21 700 1$aRossi$b, Luigi$f <1948- >$3LO1V030113$4070$0307738 801 3$aIT$bIT-01$c20151016 850 $aIT-FR0017 899 $aBiblioteca umanistica Giorgio Aprea$bFR0017 $eN 912 $aVEA0020334 950 0$aBiblioteca umanistica Giorgio Aprea$d 52MAG 2/864$e 52FLS0000101755 VMB A4 $fA $h20191209$i20191209 977 $a 52 996 $aStati Uniti e la Provincia italiana, 1943-1945$92903778 997 $aUNICAS